000
00232nam a22001097a 4500
082
_a
920
_b
APJ/W
100
_a
APJ
245
_a
WINGS OF FIRE
246
_a
WINGS OF FIRE
_b
WINGS OF FIRE
650
_a
ENGLISH AUTOBIOGRAPHY
942
_c
BK
999
_c
8867
_d
8867